| 000 | 00782nam a22002297a 4500 | ||
|---|---|---|---|
| 005 | 20170124110039.0 | ||
| 010 | _aA-779581 | ||
| 020 |
_c00.00 _a8170234417 |
||
| 035 | _aA-779581 | ||
| 037 | _bCen Lib/Ret | ||
| 040 |
_aDPL _bEN |
||
| 082 |
_a808.88 _bLIT |
||
| 245 |
_aLiterature East and West : _cedited by G. R. Taneja [and] Vinod Sena _bessays presented to R.K. Dasgupta / |
||
| 260 |
_aNew Delhi _bAllied Publishers _c1995 |
||
| 270 |
_bNew Delhi _a13/14 Asaf Ali Road _e110002 |
||
| 300 |
_a280p. _c23cm(Hb) |
||
| 650 |
_aComparative literature -- Oriental and European _923341 |
||
| 650 |
_aComparative literature -- European and Oriental _923342 |
||
| 700 |
_aTaneja, G. R. _923343 |
||
| 700 |
_a Sena, Vinod _923344 |
||
| 942 |
_2ddc _cEN _h808.88 _mLIT |
||
| 999 |
_c128423 _d128423 |
||